Culture Générale - Série 1619 - Statistiques

Statistiques générales
  • Ce quiz a été pris 141 fois
  • Le résultat moyen est 5 sur 10
Statistiques - réponses
Question Réponse % Correct
Quel est le volcan qui domine Naples ? Vésuve
93%
Dans quel massif se situe la ville de Gérardmer ? Vosges
79%
Dans quel département se situe le Mont-Blanc, plus haut sommet français ? Haute-Savoie
72%
Quel fleuve traverse Rome ? Tibre
63%
De quel pays est originaire le fromage appelé "tête de moine" ? Suisse
46%
Quelle est la plus grande agglomération d'Afrique ? Lagos
41%
De quelle ville d'Italie était originaire le ténor Enrico Caruso ? Naples
41%
Quel acteur français a rendu célèbre la ville de Montcuq ? Daniel Prévost
34%
Dans quel pays vit le colibri-abeille, le plus petit oiseau du monde ? Cuba
5%
En Corse, qu'appelle-t-on "pulenda" ? pain
2%
Aucun quiz correspondant
Distribution des résultats
% des personnes avec chaque résultat
Percentile par nombre de réponses
Votre historique - résultats
Vous n’avez pas pris ce quiz